000 00367nam a2200145Ia 4500
008 230711s9999||||xx |||||||||||||| ||und||
041 _aENG
082 _a621.3
_bMI-E
100 _aMiah,M A Wazed.
245 0 _aElectrical of electromagnetics
250 _a1st Ed.
260 _c1994
_aNew Delhi
_bPradeep publishers
650 _aElectrical Engineering
942 _cBK
999 _c3028
_d3028